Premier League 2023-2024 Top scorers - Statistics

General Stats
  • This quiz has been taken 87 times
  • The average score is 10 of 11
Answer Stats
Goals Nationality Club Player % Correct
22 England Chelsea Cole Palmer
100%
27 Norway Manchester City Erling Haaland
100%
18 Egypt Liverpool Mohamed Salah
99%
19 England Manchester City Phil Foden
99%
17 South Korea Tottenham Hotspur Son Heung-min
99%
21 Sweden Newcastle United Alexander Isak
96%
16 England Arsenal Bukayo Saka
94%
19 England Aston Villa Ollie Watkins
94%
19 England Bournemouth Dominic Solanke
83%
16 England West Ham United England Jarrod Bowen
83%
16 France Crystal Palace Jean-Philippe Mateta
73%
No matching quizzes found
Score Distribution
Percent of People with Each Score
Percentile by Number Answered
Your Score History
You have not taken this quiz